Capitales mondiales les plus proches du Caire - Sprint d'une minute - Statistiques

Statistiques générales
  • Ce quiz a été pris 67 fois
  • Le résultat moyen est 9 sur 20
Statistiques - réponses
km capitale % Correct
1742 Tripoli
90%
423 Jérusalem
84%
1634 Riyad
71%
584 Beyrouth
65%
611 Damas
62%
1110 Ankara
60%
1123 Athènes
59%
490 Amman
57%
1625 Khartoum
56%
604 Nicosie
56%
1292 Bagdad
43%
1615 Koweït
25%
1692 La Valette
24%
1596 Skopje
22%
1624 Tirana
21%
428 Ramallah
14%
1576 Sofia
14%
1668 Pristina
11%
1663 Bucarest
10%
1648 Erevan
10%
Aucun quiz correspondant
Distribution des résultats
% des personnes avec chaque résultat
Percentile par nombre de réponses
Votre historique - résultats
Vous n’avez pas pris ce quiz